000 00523nam a2200181Ia 4500
005 20250326141301.0
008 250326s9999 xx 000 0 und d
037 _aTextbook
040 _aFMSL
_beng
_cFMSL
041 _aeng
_2eng
084 _qFMSL
100 _aRosenbaum M.a.
_9744080
245 0 _aSelling your story to wall street; The art of science of investor Relations
_cRosenbaum M.a.
260 _aChicago
_bChicago, probus pub. co.
_c1994
300 _a323p
942 _cTB
999 _c1289594
_d1289594